00670nam a2200241 a 4500001001300000003000900013005001700022008004100039020000800080082001300088100002000101245003900121260003900160300000800199500003500207505001000242700001000252700002200262902000800284942000700292952011200299999001700411nice12345678IN_TiNIC20260116015129.0050524s1992 stoa grp 000 0 eng  ac000a248bKYR aKyrkan, Svenska aPocket Book on the Christian Faith aStockholonbChurch of Swedenc1992 a63p aincludes index and biblioraphy2 aIndex1 aRoger1 aLouise Williamson bSRS cBK 001040708StackRoom-aHMIbHMId2005-05-24g0.00l0o248 KYRp11001166r2005-05-24v0.00w2005-05-24yBK c18428d18428